| 000 | 01105cam a2200229 4500 | ||
|---|---|---|---|
| 001 | J122228 | ||
| 008 | 030317n2003 000 0 eng u | ||
| 035 | _a(Sirsi) u122228 | ||
| 050 |
_a306.2 _c18 |
||
| 110 |
_aUnited Kingdom _bOffice of the Deputy Prime Minister |
||
| 245 | _aInterim evaluation of the Innovation Into Action Programme | ||
| 260 |
_aLondon _bODPM _c2003 |
||
| 490 |
_aODPM Housing Research Summary _v187 |
||
| 520 | _aSummary of a research paper, funded by the ODPM, evaluating the Innovation into Action Grant Programme. The evaluation reviewed the experiences of participants in the programme, assessed its impact and to identified good practice and lessons for effective promotion of tenant involvement. View the summary at www.dclg.gov.uk/. | ||
| 650 | _aCOUNCIL TENANTS | ||
| 650 | _aINNOVATION INTO ACTION GRANT PROGRAMME | ||
| 650 | _aSOCIAL HOUSING | ||
| 650 | _aTENANT PARTICIPATION | ||
| 690 |
_aBlock management _96220 |
||
| 856 |
_uhttps://www.communities.gov.uk/documents/housing/pdf/140702.pdf _vView a summary of the report on the DCLG website... |
||
| 942 | _n0 | ||
| 999 |
_c102794 _d102794 |
||